000 00313 a2200121 4500
000 nam a22 7a 4500
005 20260207155406.0
020 _a9789391154646
100 _aVarun Gulati
_91114389
245 _aHindu Thought A Foundation of Moral Living
260 _bSuruchi Prakashan
_c2024
942 _cTEXL
999 _c1678933
_d1678933